Tamale - Tyler, the Creator (Lyrics) - Statistics

General Stats
  • This quiz has been taken 77 times
  • The average score is 271 of 494
Answer Stats
Lyric % Correct
a
100%
dick
100%
dick,
100%
I
100%
do,
98%
my
98%
Tamale
98%
Tamale, Tamale, Tamale,Tamale, Tamale, Tamale
98%
Tamale, Tamale, Tamale, Tamale
98%
the
98%
lick
96%
so
96%
down
94%
how
94%
How
94%
sound?
94%
last
93%
since
93%
that
93%
does
91%
They
91%
they
91%
album,
89%
say
89%
um
89%
go
85%
well,
85%
Well,
85%
you
85%
you,
85%
rectum
80%
and
78%
calmed
78%
kiss
78%
can
76%
(can
76%
can,
76%
CO
74%
give
74%
I've
74%
smell
74%
don't
72%
he
72%
bend
70%
buns,
70%
is
70%
said
70%
shit,
70%
shit
70%
goddamn
69%
on
69%
bitch,
67%
bitch
67%
in
67%
her
65%
your
65%
get
63%
nigger
63%
picture
63%
take
63%
this
63%
to
61%
gooch,
59%
no
59%
no,
59%
tell
59%
he's
57%
at?)
56%
at
56%
dumb
56%
fuck
56%
fuck?
56%
(fuck
56%
it
56%
it?)
56%
you're
56%
"you're
56%
call
54%
could
54%
jam
54%
of
54%
Why
54%
drums
52%
gonna
52%
if
52%
make
52%
me
52%
only
52%
thing
52%
turn
52%
up,
52%
(where
52%
where
52%
(I'm
50%
I'm
50%
instagram
50%
salty?
50%
she
50%
Spike Lee
50%
here
48%
like?
48%
like
48%
sister,
48%
somebody
48%
instantly
46%
with
46%
BO
44%
cum,
44%
motherfuck
44%
over,
44%
put
44%
think
44%
y'all
44%
cash?
43%
comes
43%
found
43%
his
43%
off
43%
bone
41%
hot
41%
when
41%
bad
39%
building
39%
getting
39%
minions
39%
suck
39%
then
39%
vision,
39%
wait
39%
while
39%
banned
37%
boy
37%
fun
37%
Lotion
37%
many
37%
suplex
37%
Tony Parker
37%
back
35%
beans,
35%
before
35%
dance,
35%
dance
35%
have
35%
48?
33%
Bring
33%
chuck,
33%
great
33%
heard
33%
look
33%
wood
33%
woodchuck
33%
bands
31%
beginning
31%
damn
31%
horns
31%
motherfucker
31%
nigga,
31%
deal
30%
disease)
30%
ever
30%
has
30%
ladies
30%
much
30%
Now
30%
now"
30%
pass
30%
please
30%
rich
30%
was
30%
Xbox LIve
30%
bus,
28%
dissing,
28%
fucking
28%
just
28%
around)
26%
bike
26%
going
26%
Golf Wang
26%
Golf Wang,
26%
house?
26%
house
26%
huh?
26%
jail
26%
opinions
26%
or
26%
sneak
26%
trees,
26%
without
26%
bimmer,
24%
crucifix
24%
fags
24%
from
24%
from,
24%
got
24%
jaw,
24%
Rosa Parks
24%
six
24%
tire
24%
tripping
24%
bust
22%
fapping
22%
snare
22%
than
22%
two
22%
E46
20%
lightbulb
20%
lump
20%
pop
20%
sleeves
20%
tryna
20%
(yeah)
20%
Yeah,
20%
for
19%
new
19%
screw?
19%
always
17%
catch
17%
hole
17%
maybe
17%
mom
17%
na, na, na, na, na, na, na
17%
never
17%
pee
17%
prints
17%
puffin'
17%
pussy
17%
Sir,
17%
urethra,
17%
Yes
17%
bigger
15%
'cause
15%
cover
15%
jerkin'
15%
same
15%
balls,
13%
dyke
13%
played
13%
cuts
11%
palm
11%
Biebs,
9%
chemo
9%
fare
9%
Aretha
7%
kick
7%
little
7%
lose
7%
mood,
7%
neck
7%
obese
7%
set
7%
sicker
7%
bar
6%
bold-er,
6%
butch
6%
hope
6%
jergens
6%
our
6%
badder
4%
'bout
4%
Buddy,
4%
Colorado,
4%
find
4%
Lance
4%
Michael,
4%
NRA
4%
red
4%
shoot
4%
through
4%
tube
4%
tuxedos
4%
arm
2%
during
2%
hair
2%
repossess
2%
strong
2%
Wayne LaPierre's
2%
No matching quizzes found
Score Distribution
Percent of People with Each Score
Percentile by Number Answered
Your Score History
You have not taken this quiz